000
00343pab a2200145 454500
008
180718b1998 xxu||||| |||| 00| 0 eng d
100
_a
O'Sullivan, Tim
245
_a
Consumerism in the health services
260
_c
1998
300
_a
p.14-28
362
_a
Spring
650
_a
Health services
773
_a
Administration
909
_a
38380
999
_c
38380
_d
38380